| 000 | 00595nam a2200193Ia 4500 | ||
|---|---|---|---|
| 999 |
_c15150 _d15150 |
||
| 003 | OSt | ||
| 005 | 20201102094752.0 | ||
| 008 | 190216s9999||||xx |||||||||||||| ||und|| | ||
| 020 | _a9781138273818 | ||
| 040 | _coclc | ||
| 082 |
_a820.9364 _bMUN/G |
||
| 100 |
_aMunroe, Jennifer _96177 |
||
| 245 | 0 |
_aGender And The Garden In Early Modern English Literature / _cJennifer Munroe |
|
| 250 | _a2nd Ed. | ||
| 260 |
_bRoutledge London And New York, _c2016. _aNew york: |
||
| 300 | _a137p | ||
| 650 | _aEnglish Language | ||
| 942 |
_cBK _2ddc _h820.9364 _iMUN/G _k820.9364 _mMUN/G |
||